000 00300nam a22001217a 4500
999 _c23128
_d23128
003 NUST
005 20171011130204.0
008 150521b xxu||||| |||| 00| 0 eng d
020 _a812970293
_cAvailable
040 _aDLC
_bDLC
_cRCMS
082 _a005.821 THO
100 _aThorsteinson, Peter
_95344
245 _a. Net Security and Cryptography
_cThorsteinson, Peter
260 _aIndia
_bPearson Education
_cC,2004
300 _axvii,466,p:
_bPb
_c22,cm.
538 _iShelf No 2 Row No 1
610 _x.Net Security
_95345
856 _3Table of Content Only
942 _cBK
_2ddc